| 000 | 00818nam a22002177a 4500 | ||
|---|---|---|---|
| 005 | 20170124110246.0 | ||
| 010 | _aA-903182 | ||
| 020 | _c150.00 | ||
| 035 | _aA-903182 | ||
| 037 | _bCen Lib/Ret | ||
| 040 |
_aDPL _bEN |
||
| 082 |
_a881 _bSHA |
||
| 100 |
_aSharma, R.K. _997562 |
||
| 245 |
_aThe beautiful verses : _bRam-charit-manas : Sundar-Kand ; & Hanuman Chalisa of Goswami Tulsidas / _cby R.K.Sharma |
||
| 260 |
_aMumbai _bS.Ramakrishnan Executive Secretary _c1997 |
||
| 270 |
_aBharatiya Vidya Bhavan, Kulpati Munshi Marg _bMumbai _e400007 |
||
| 300 |
_axxii,167p. _c20cm(Hb) |
||
| 650 |
_aTulsidas -- Versification. _997563 |
||
| 650 |
_aTulasīdāsa, 1532-1623 _997564 |
||
| 942 |
_2ddc _cEN _h881 _mSHA |
||
| 999 |
_c135529 _d135529 |
||